| 000 | 00438nam a2200181Ia 4500 | ||
|---|---|---|---|
| 008 | 151202s9999||||xx |||||||||||||| ||und|| | ||
| 082 | _bPNVM-2219 | ||
| 100 | _aPANDIT (R. S.). | ||
| 245 | _a"21, WEEKS IN EUROPE." | ||
| 260 | _bR. S. PANDIT. | ||
| 260 | _c0 | ||
| 300 | _a0 | ||
| 600 | _aPANDIT (R. S.). | ||
| 630 | _a"21, WEEKS IN EUROPE." | ||
| 700 | _aPANDIT (R. S.). | ||
| 730 | _a"21, WEEKS IN EUROPE." | ||
| 942 | _cBOOK | ||
| 999 |
_c1268217 _d1268214 |
||